000 00647nam a2200193Ia 4500
001 21708
003 GE_BSU
008 181216s||||||||xx |||||||||||||| ||und||
040 _cGE_BSU
080 _aპერიოდიკა
245 _aბათუმელები №10 დეკემბერი. 2017
245 _cმთავ. რედ. ე. თურაძე. რედ. ნ. კვაჭაძე
260 _aბათუმი
260 _c2017
300 _a136 გვ. 28სმ.
653 _aბათუმელები №10 დეკემბერი. 2017
653 _aპერიოდიკა
942 _cCR
999 _c54641
_d54641